000 00792nam a2200217 a 4500
005 20240920063727.0
008 080722s1984 mx r 000 0 spa d
020 _a928203044X
035 _aUPN01000157914
049 _aUNE
080 1 4 _a374.1 (729.2) MOU.
100 1 _aMoulton-Campbell, Miriam
245 1 3 _aEl desarrollo de estrategias de aprendizaje para la post-alfabetización y la educación continuada en Jamaica /
_cpor Miriam Moulton-Campbell.
260 _aHamburgo :
_bInstituto de la UNESCO para la Educación,
_c1984.
300 _axi, 55 p. :
_bfots.
440 0 _aEstudios del IUE sobre la post-alfabetización y la educación
690 _aEducación permanente
_97280
690 _aJamaica
710 2 _aUNESCO.
_bInstitute for Education Hamburg
905 _aUNESCO
999 _c130028
_d130028